Islam and justice

Bibliographic Details
Other Authors: Aidit bin Haji Ghazali
Format: Book
Published: Kuala Lumpur : IKM , 1993
Subjects:

MARC

LEADER 00000cam a2200000 7i4500
001 0000004499
002 000004846
005 20000330.0
020 |a T000000368 
090 0 0 |a 297.14   |b ISL 
245 1 0 |a Islam and justice   |c Edited by Aidit bin Hj Ghazali 
260 |a Kuala Lumpur :   |b IKM ,   |c 1993 
300 |a 227p. ;   |c 22cm. 
650 0 0 |a Islamic law   |x Sharia 
700 0 |a Aidit bin Haji Ghazali 
999 |a 034569   |b BUKU   |c PINJAMAN   |e PERPUSTAKAAN KOMUNITI PETALING JAYA